000 00376nam a2200145Ia 4500
008 100122s9999 xx 000 0 und d
082 _b13459
_a823
100 _aशहाणे मनोहर
245 _aझाकोळ
260 _bमौज प्रकाशन
_c1965
300 _a164
630 _aझाकोळ
730 _aझाकोळ
942 _cBOOK
999 _c404280
_d404277